000 02023cam a22003375i 4500
003 EG-ScBUE
005 20250427115010.0
008 170830t2019 nyua f b 001 0 eng d
020 _a9781260084566
020 _a1260084566
040 _aEG-ScBUE
_beng
_erda
_cEG-ScBUE
_dEG-ScBUE
082 0 4 _a530.141
_bHAY
_222
100 1 _aHayt, William H.
_q(William Hart)
_d1920-1999,
_eauthor.
245 1 0 _aEngineering electromagnetics /
_cWilliam H. Hayt, Jr. late emeritus professor, Purdue University, John A. Buck, Georgia Institute of Technology.
250 _aNinth edition.
250 _aInternational student edition.
264 1 _aNew York :
_bMcGraw-Hill Education,
_c[2019]
264 4 _cc2019
300 _axiv, 594 pages :
_billustrations (some color) ;
_c24 cm
336 _2rdacontent
_atext
_btxt
337 _aunmediated
_2rdamedia
_bn
338 _avolume
_bnc
_2rdacarrier
500 _aIncludes Appendices.
504 _aIncludes bibliographical references and index.
520 _aFirst published just over 50 years ago and now in its Eighth Edition, Bill Hayt and John Buck's Engineering Electromagnetics is a classic text that has been updated for electromagnetics education today. This widely-respected book stresses fundamental concepts and problem solving, and discusses the material in an understandable and readable way. Numerous illustrations and analogies are provided to aid the reader in grasping the difficult concepts. In addition, independent learning is facilitated by the presence of many examples and problems. Important updates and revisions have been included in this edition. One of the most significant is a new chapter on electromagnetic radiation and antennas. This chapter covers the basic principles of radiation, wire antennas, simple arrays, and transmit-receive systems.
650 7 _aElectromagnetic theory.
_2BUEsh
650 7 _aElectromagnetic theory
_vTextbooks.
_2BUEsh
655 _vReading book
700 1 _aBuck, John A.,
_99164
_eauthor.
942 _2ddc
_cBB
999 _c27363
_d27334